| 000 | 00647nam a2200145Ia 4500 | ||
|---|---|---|---|
| 008 | 100122s9999 xx 000 0 und d | ||
| 082 |
_b21928 _a824 |
||
| 100 | _aसावरकर विनायक दामोदर | ||
| 245 | _aसावरकरांचे सामाजिक विचार ( क.क्र.26/4 ) | ||
| 260 |
_bमॅजेस्टिक प्रकाशन _c1973 |
||
| 300 | _a151 | ||
| 630 | _aसावरकरांचे सामाजिक विचार ( क.क्र.26/4 ) | ||
| 730 | _aसावरकरांचे सामाजिक विचार ( क.क्र.26/4 ) | ||
| 942 | _cBOOK | ||
| 999 |
_c409882 _d409879 |
||